000 00821nas a2200277 4500
001 BR2014004332
003 BR-BrBNA
005 20231205124248.0
007 ta
008 230509b bl.|||p| |||| 00| 00por d
040 _aBR-BrBNA
_bpor
_cBiblioteca Nacional de Agricultura
041 _a(Pt)
072 _aU10; F61
100 1 _aSamboranha, F.K.
100 1 _aStreck, N.
100 1 _aUhlmann, L.O.
100 1 _aGabriel, L.F.
245 1 _aModelagem matemática de desenvolvimento foliar em mandioca
650 _aMANDIOCA
650 _aMODELO MATEMÁTICO
650 _aCRESCIMENTO
650 _aANÁLISE FOLIAR
773 0 _tRevista Ciência Agronômica (Brazil)
_xISSN 0045-6888
_g(Oct-Dec 2013), v.44(4) p. 815-824
_wBR2014004332
909 _a202311
_bLúcia
_c55
_dLúcia Elande
942 _2AGRIS
_n0
_cANA
999 _c238168
_d238168